000 00315nam a22001337a 4500
008 181016b xxu||||| |||| 00| 0 eng d
020 _a9780321442550
041 _aeng
080 _24th
_a510
100 _a36
101 _aMAT
245 _aIntegrated Arithmetic and Basic Algebra
_cJordan,B.E
942 _2udc
_cBK
999 _c49860
_d49860